El léxico del fútbol femenino diplomová práca

Na minha lista:
Detalhes bibliográficos
Autor principal: Bergerová, Tereza
Autor Corporativo: Fakulta aplikovaných jazykov EU v Bratislave. Katedra románskych a slovanských jazykov
Outros Autores: Spišiaková, Mária, 1973-
Formato: Livro
Idioma:espanhol
Publicado em: Bratislava 2025
Tags: Adicionar Tag
Sem tags, seja o primeiro a adicionar uma tag!

MARC

LEADER 00000nbm a2200000 4500
001 0308960
005 20260211124250.6
041 0 |a spa 
044 |a SK 
245 1 0 |a El léxico del fútbol femenino  |b diplomová práca  |c Tereza Bergerová ; školiteľ: Mária Spišiaková 
264 1 |a Bratislava  |c 2025 
300 |a 53 s. 
100 1 |a Bergerová, Tereza 
700 1 |a Spišiaková, Mária, 1973- 
710 2 |a Fakulta aplikovaných jazykov EU v Bratislave. Katedra románskych a slovanských jazykov